| 000 | 00484nam a22001937a 4500 | ||
|---|---|---|---|
| 003 | MPLRDC | ||
| 005 | 20220104113944.0 | ||
| 008 | 210129b ||||| |||| 00| 0 eng d | ||
| 020 | _a957-13-0977-X | ||
| 082 | _a848.2 ZTX-3 | ||
| 100 | _a朱天心著 | ||
| 245 |
_a小说家的政治周记 _c |
||
| 250 | _a初版一刷 | ||
| 260 |
_a _b时报文化出版企业有限 _c1994 |
||
| 300 | _b平 | ||
| 490 | _a人间丛书;206 | ||
| 650 | _a现代别集 | ||
| 942 |
_cBK _o848.2 ZTX-3 |
||
| 999 |
_c3673 _d3663 |
||